000 00626nam a22002297a 4500
003 UA-OsUOA
001 52003
007 ta
008 20080129b un ||||| |||| 00| 0 ukr d
090 _a82.09
_bП68
942 _cBK
040 _aUA-OsUOA
_bukr
_cUA-OsUOA
_dUA-OsUOA
245 _aПравдива іскра Прометея
300 _a222 с.
955 _a3
041 _aukr
080 _a82.09
020 _a5-330-00684-8
260 _aДніпропетровськ
_bРадянська школа
_c1989
650 7 _a82 Література. Літературознавство
_2UDC
999 _c338090
_d338090